The Great Ladies of the Broadway Stage (Slideshow) Quiz Stats

Quiz not verified by Sporcle

Challenge
Share
Tweet
Score 0/75 Timer 10:00
0 Plays Today
% Correct
Bernadette Peters
76.3%
Kristin Chenoweth
74.6%
Julie Andrews
74%
Angela Lansbury
71.6%
Ethel Merman
71%
Liza Minnelli
69.8%
Carol Channing
64.5%
Audra McDonald
62.7%
Patti LuPone
62.7%
Mary Martin
61.5%
Chita Rivera
59.8%
Idina Menzel
58.6%
Sutton Foster
57.1%
Kelli O'Hara
56.2%
Tyne Daly
52.7%
Barbra Streisand
50.9%
Laura Benanti
49.7%
Gwen Verdon
47.9%
Andrea Martin
47.9%
Bebe Neuwirth
45%
Jane Krakowski
43.6%
Sarah Brightman
42.9%
Bea Arthur
42.3%
Christine Ebersole
41.4%
Barbara Cook
40.8%
Donna Murphy
40.2%
Laura Osnes
40.2%
Patina Miller
39.1%
Alice Ripley
38.5%
Joanna Gleason
37.9%
Sierra Boggess
35.9%
Elaine Stritch
34.3%
Marin Mazzie
34.3%
Pearl Bailey
33.7%
Laura Bell Bundy
31.4%
LaChanze
31.4%
Marissa Jaret Winokur
30.1%
Betty Buckley
29.6%
% Correct
Ann Reinking
28.8%
Victoria Clark
27.2%
Dorothy Loudon
26.6%
Judy Kuhn
26%
Madeline Kahn
26%
Nikki M. James
25.6%
Faith Prince
24.9%
Tonya Pinkins
24.3%
Harriet Harris
23.7%
Sherie Rene Scott
22.4%
Gertrude Lawrence
21.9%
Debra Monk
20.7%
Rebecca Luker
20.1%
Donna McKechnie
20.1%
Carolee Carmello
19.9%
Daphne Rubin-Vega
19.9%
Beth Leavel
18.9%
Karen Ziemba
17.8%
Orfeh
17.3%
Jessie Mueller
17.2%
Elaine Paige
16.7%
Jan Maxwell
15.4%
Jennifer Holliday
14.8%
Stephanie J. Block
13.7%
Beth Fowler
13.6%
Charlotte d'Amboise
12.8%
Leslie Uggams
12.4%
Randy Graff
12.4%
Lotte Lenya
12.2%
Nancy Opel
11.8%
Andrea McArdle
10.9%
Liz Callaway
10.9%
Judy Kaye
10.3%
Sheryl Lee Ralph
10.3%
Linda Emond
5.1%
Nell Carter
4.5%
Carol Haney
3.8%

You're not logged in!

Compare scores with friends on all Sporcle quizzes.
Sign Up with Email
OR
Log In

You Might Also Like...

Show Comments

Extras

Top Quizzes Today


Score Distribution

Your Account Isn't Verified!

In order to create a playlist on Sporcle, you need to verify the email address you used during registration. Go to your Sporcle Settings to finish the process.